logo

Bir Sreshtho Munshi Abdur Rouf Library
Jhenaidah Cadet College

The Prentice Hall reader / (Record no. 9090)

MARC details
000 -LEADER
fixed length control field 00857nam a2200289 a 4500
001 - CONTROL NUMBER
JCCL Control Number 9090
003 - CONTROL NUMBER IDENTIFIER
JCCL marc code BD-JhCC
005 - DATE AND TIME OF LATEST TRANSACTION
control field 20180308124202.0
008 - FIXED-LENGTH DATA ELEMENTS--GENERAL INFORMATION
fixed length control field 180308s1986 njua 000 0 eng d
020 ## - INTERNATIONAL STANDARD BOOK NUMBER
International Standard Book Number 0130225630 (pbk.)
035 ## - SYSTEM CONTROL NUMBER
system control number (BD-JhCC)9090
040 ## - CATALOGING SOURCE
Original cataloging agency BD-JhCC
Transcribing agency DLC
Modifying agency BD-JhCC
041 ## - LANGUAGE CODE
Language code of Book eng
050 00 - LIBRARY OF CONGRESS CALL NUMBER
Classification number PE1417
Item number .P74 2000
082 00 - DEWEY DECIMAL CLASSIFICATION NUMBER
Classification number 808/.0427
DDC Edition number 21
Author mark and Year MIL 1986
100 ## - MAIN ENTRY--PERSONAL NAME
Personal name Miller, George
245 04 - TITLE STATEMENT
Title The Prentice Hall reader /
Statement of responsibility, etc [compiled by] George Miller.
250 ## - EDITION STATEMENT
Edition statement 6th ed., Annotated instructor's ed.
260 ## - PUBLICATION, DISTRIBUTION, ETC. (IMPRINT)
Place of publication, distribution, etc Upper Saddle River, N.J. :
Name of publisher, distributor, etc Prentice Hall,
Date of publication, distribution, etc c1986.
300 ## - PHYSICAL DESCRIPTION
Pagination xxxii, 556 p. :
Other physical details . ;
Dimensions 22 cm.
500 ## - GENERAL NOTE
General note Includes index.
650 #0 - SUBJECT ADDED ENTRY--TOPICAL TERM
Topical term or geographic name as entry element College readers.
650 #0 - SUBJECT ADDED ENTRY--TOPICAL TERM
Topical term or geographic name as entry element English language
General subdivision Rhetoric
Form subdivision Problems, exercises, etc.
700 1# - ADDED ENTRY--PERSONAL NAME
Personal name Miller, George,
Dates associated with a name 1943-
942 ## - ADDED ENTRY ELEMENTS (KOHA)
Source of classification or shelving scheme Dewey Decimal Classification
Koha item type Books
Holdings
Source of classification or shelving scheme Damaged status Not for loan Home library Current library Shelving location Date of accession Source of acquisition Total Checkouts Full call number Barcode Date last seen Date checked out Copy number Koha item type
Dewey Decimal Classification     JCC Rouf Library JCC Rouf Library General Stacks 09/25/2024 Asia Foundation 1 808/.0427 MIL 1986 12106 09/30/2024 09/25/2024 C - 1 Books

JCC Library | Contacts | JCC Home

Last Update on 23 September 2017
Copyright @ 2017-2020 JCC Rouf Library
Rouf Library, Jhenidah Cadet College (JCC), Bangladesh